MALAY reservation enactments in Peninsular Malaysia : (as at 5th June 1994)

Bibliographic Details
Other Authors: Ramaswamy, S.
Format: Book
Published: Kuala Lumpur : International Law Book Services , 1994
Subjects:

MARC

LEADER 00000cam a2200000 7i4500
001 0000002033
005 20020827.0
020 0 0 |a 9678906376 
090 0 0 |a R328.37095951   |b MAL 1994 
245 0 0 |a MALAY reservation enactments in Peninsular Malaysia :   |b (as at 5th June 1994)   |c compiled by S. Ramaswamy 
260 0 0 |a Kuala Lumpur :   |b International Law Book Services ,   |c 1994 
300 |a ii, 306 p. ;   |c 25 cm. 
650 0 0 |a Malays (Asian people)   |x Land tenure 
650 0 0 |a Real property   |z Peninsular Malaysia 
700 0 1 |a Ramaswamy, S. 
998 |a JPSM 
999 |a 0000003395   |b Monograph   |c Reference   |e Default branch